| 000 | 00666nam a2200193Ia 4500 | ||
|---|---|---|---|
| 008 | 151121s9999||||xx |||||||||||||| ||und|| | ||
| 082 | _a070/जाशी | ||
| 082 | _bHNW-44203 | ||
| 100 | _aजोशी व लेले | ||
| 245 | _aवृत्तपत्रांचा इतिहास -1 | ||
| 260 | _b"युगवाणी प्रकाशन," | ||
| 260 | _c-- | ||
| 300 | _a560 | ||
| 600 | _aजोशी व लेले | ||
| 630 | _aवृत्तपत्रांचा इतिहास -1 | ||
| 700 | _aजोशी व लेले | ||
| 730 | _aवृत्तपत्रांचा इतिहास -1 | ||
| 942 | _cBOOK | ||
| 999 |
_c1231967 _d1231964 |
||